[Event "1er Open d'Espalion"]
[Site "Espalion (12)"]
[Date "2016.07.13"]
[Round "6.15"]
[White "Gaubert, Cedric"]
[Black "Dubois, Martine"]
[Result "0-1"]
[WhiteElo "1518"]
[BlackElo "1967"]
[PlyCount "64"]
[EventDate "2016.??.??"]

1. d4 Nf6 2. Nf3 g6 3. Bf4 Bg7 4. e3 O-O 5. h3 d6 6. Be2 Nbd7 7. O-O Qe8 8.
Nbd2 e5 9. Bh2 e4 10. Ne1 Kh8 11. c4 Ng8 12. Rc1 Qe7 13. b4 c5 14. dxc5 dxc5
15. Nb3 Be5 16. Bxe5+ Qxe5 17. bxc5 Nxc5 18. Nxc5 Qxc5 19. Qd4+ Qxd4 20. exd4
f5 21. d5 Nf6 22. a4 Bd7 23. Bd1 Rac8 24. Bb3 Nxd5 25. Nc2 Nb6 26. Rfd1 Bxa4
27. Bxa4 Nxa4 28. Ra1 Nc3 29. Rd7 Rxc4 30. Rxa7 Rb8 31. Nd4 Rxd4 32. Rxd4 Ne2+
0-1

[Event "1er Open d'Espalion"]
[Site "Espalion (12)"]
[Date "2016.07.13"]
[Round "6.16"]
[White "Bonot, Bernard"]
[Black "Kohler, Paul"]
[Result "0-1"]
[WhiteElo "1374"]
[BlackElo "1864"]
[PlyCount "104"]
[EventDate "2016.??.??"]

1. b3 e5 2. Bb2 Nc6 3. e3 d5 4. Bb5 Bd6 5. Nf3 Qe7 6. Bxc6+ bxc6 7. h3 Nf6 8.
d3 c5 9. Nbd2 h6 10. Qe2 Ba6 11. c4 c6 12. Rb1 Nd7 13. Nh2 O-O 14. e4 f5 15.
O-O Qf7 16. f3 Rae8 17. Rf2 Bc8 18. Kh1 Nf6 19. Rg1 Nh5 20. g3 f4 21. g4 Ng3+
22. Rxg3 fxg3 23. Rf1 Qf4 24. Qg2 Be7 25. Rg1 gxh2 26. Rf1 Bg5 27. Bc1 Qe3 28.
Qxh2 Qxd3 29. Rf2 Bxd2 30. Bxd2 dxe4 31. fxe4 Rxf2 32. Qxf2 Qxh3+ 33. Kg1 Rf8
34. Qg2 Qxg4 35. Qxg4 Bxg4 36. b4 Rb8 37. a3 Kf7 38. Kf2 Rd8 39. Ke3 Ke6 40. b5
Rd4 41. bxc6 Rxc4 42. c7 Kd7 43. Kd3 Rd4+ 44. Ke3 Rxd2 45. Kxd2 Kxc7 46. Kc3
Be2 47. Kd2 Bb5 48. Kc3 a5 49. Kd2 c4 50. Kc3 Kb6 51. Kc2 Kc5 52. Kc3 a4 0-1

[Event "1er Open d'Espalion"]
[Site "Espalion (12)"]
[Date "2016.07.13"]
[Round "6.17"]
[White "Ausseil, Pascal"]
[Black "Herrero, Alain"]
[Result "0-1"]
[WhiteElo "1399"]
[BlackElo "1676"]
[PlyCount "94"]
[EventDate "2016.??.??"]

1. e4 c5 2. Nf3 Nc6 3. Bc4 g6 4. d4 cxd4 5. Nxd4 Bg7 6. c3 Nf6 7. Nd2 O-O 8. e5
Nxe5 9. f4 Nxc4 10. Nxc4 d5 11. Ne3 Re8 12. g4 e5 13. fxe5 Rxe5 14. Nf3 Bxg4
15. Nxe5 Bxd1 16. Kxd1 d4 17. Ke2 dxe3 18. Rd1 Qc7 19. Nf3 Qc4+ 20. Rd3 Ng4 21.
b3 Qb5 22. Ba3 Qc6 23. Rad1 h6 24. c4 Re8 25. Rd8 Rxd8 26. Rxd8+ Kh7 27. Rd6
Qe4 28. Rd3 Nxh2 29. Nxh2 Qg2+ 30. Kxe3 Qxh2 31. Rd7 Qg1+ 32. Ke2 Qg4+ 33. Kd2
Qxd7+ 34. Kc2 Qd4 35. c5 Qc3+ 36. Kd1 Qd3+ 37. Kc1 Bc3 38. c6 Qd2+ 39. Kb1 Qd1+
40. Bc1 Bd2 41. a4 Qxc1+ 42. Ka2 Qc2+ 43. Ka3 bxc6 44. b4 Qb1 45. a5 Qxb4+ 46.
Ka2 Bc3 47. a6 Qb2# 0-1

[Event "1er Open d'Espalion"]
[Site "Espalion (12)"]
[Date "2016.07.13"]
[Round "6.18"]
[White "Ferraye, Nicolas"]
[Black "Fabre, Jean-Michel"]
[Result "1-0"]
[WhiteElo "1629"]
[BlackElo "1328"]
[PlyCount "87"]
[EventDate "2016.??.??"]

1. e4 e5 2. Nf3 Nc6 3. Bc4 Bc5 4. c3 Nf6 5. d4 exd4 6. cxd4 Bb4+ 7. Nc3 Nxe4 8.
O-O Bxc3 9. d5 Bf6 10. dxc6 Nd6 11. cxd7+ Bxd7 12. Re1+ Be7 13. Bb3 O-O 14. Bf4
Bg4 15. h3 Bd7 16. Re3 Bc6 17. Nd4 Bg5 18. Bxg5 Qxg5 19. Nxc6 bxc6 20. Rc1 Nf5
21. Rec3 Rad8 22. Qg4 Qxg4 23. hxg4 Nd4 24. Kf1 Nxb3 25. Rxb3 Rd7 26. Rxc6 Re8
27. g3 g6 28. Rb7 Rd1+ 29. Kg2 Ree1 30. Rcxc7 Rg1+ 31. Kf3 Rd3+ 32. Ke2 Rgd1
33. Rxf7 R1d2+ 34. Kf1 h5 35. gxh5 gxh5 36. Rfe7 Rf3 37. Re8+ Rf8 38. Rxf8+
Kxf8 39. Kg2 Ke8 40. Kf3 Kd8 41. Ke3 Rc2 42. f4 Kc8 43. Rb3 a5 44. Rc3+ 1-0

[Event "1er Open d'Espalion"]
[Site "Espalion (12)"]
[Date "2016.07.13"]
[Round "6.19"]
[White "Dubertrand, Bernard"]
[Black "Bois, Samuel"]
[Result "1-0"]
[WhiteElo "1583"]
[BlackElo "1438"]
[PlyCount "71"]
[EventDate "2016.??.??"]

1. e4 d6 2. f4 Nf6 3. Nc3 g6 4. d4 Bg7 5. e5 dxe5 6. fxe5 Nd5 7. Ne4 Bf5 8. Ng3
Be6 9. Nf3 Nb6 10. Bd3 Qd7 11. Ne4 Bg4 12. Nc5 Bxf3 13. Qxf3 Qxd4 14. Nxb7
Qxe5+ 15. Be2 O-O 16. O-O N8d7 17. c3 Nd5 18. Na5 c6 19. Nxc6 Qd6 20. Bb5 Ne5
21. Nxe5 Bxe5 22. Kh1 Nf6 23. Rd1 Qc7 24. Bg5 Rab8 25. Ba4 Kg7 26. Rd2 h6 27.
Bxf6+ exf6 28. Rd7 Qa5 29. Bb3 Rbd8 30. Rad1 Rxd7 31. Rxd7 Qb5 32. Qd1 Qc5 33.
Qd2 g5 34. Bc2 Rb8 35. Qd3 f5 36. Qxf5 1-0

[Event "1er Open d'Espalion"]
[Site "Espalion (12)"]
[Date "2016.07.13"]
[Round "6.20"]
[White "Rollot, Nathalie"]
[Black "Dutertre, Jean-Michel"]
[Result "1/2-1/2"]
[WhiteElo "1344"]
[BlackElo "1583"]
[PlyCount "107"]
[EventDate "2016.??.??"]

1. e4 e6 2. d4 d5 3. e5 c5 4. c3 Qb6 5. Nf3 h6 6. a4 Nc6 7. Be2 cxd4 8. cxd4
Bb4+ 9. Nc3 Nge7 10. O-O Nf5 11. Be3 Bd7 12. Rc1 a6 13. h3 Be7 14. Rb1 f6 15.
Qd2 fxe5 16. Rfd1 exd4 17. Bxd4 Ncxd4 18. Nxd4 Nxd4 19. Qxd4 Qxd4 20. Rxd4 O-O
21. Bg4 Bc5 22. Rd2 Rad8 23. b4 Bb6 24. a5 Ba7 25. Rbd1 Rf4 26. g3 Rxb4 27. Ne2
Kf7 28. Nf4 Rb5 29. Re2 Re8 30. Bh5+ Kf8 31. Bxe8 Kxe8 32. Nxe6 Kf7 33. Nf4 Bc6
34. Rde1 Bc5 35. Nd3 Rxa5 36. Nxc5 Rxc5 37. Re7+ Kf8 38. Rc7 d4 39. Rc8+ Kf7
40. Rd8 Rc4 41. Rd1 a5 42. R8xd4 Rc2 43. Ra1 a4 44. Kf1 Bb5+ 45. Ke1 Re2+ 46.
Kd1 Rb2 47. Ra3 Bc6 48. Rf4+ Kg6 49. Kc1 Re2 50. Rg4+ Kf6 51. Rf4+ Kg6 52. Kd1
Rb2 53. Ke1 Rc2 54. Rd4 1/2-1/2

[Event "1er Open d'Espalion"]
[Site "Espalion (12)"]
[Date "2016.07.13"]
[Round "6.21"]
[White "Marie, Olivier"]
[Black "Meyer, Bernard"]
[Result "1-0"]
[WhiteElo "1560"]
[BlackElo "1354"]
[PlyCount "121"]
[EventDate "2016.??.??"]

1. e4 e6 2. g3 d5 3. Bg2 c6 4. Ne2 Bd6 5. d4 Ne7 6. Bf4 O-O 7. O-O Ng6 8. Bc1
e5 9. exd5 cxd5 10. dxe5 Bxe5 11. Qxd5 Nc6 12. Qxd8 Rxd8 13. Na3 Bg4 14. f3 Be6
15. Rb1 Rac8 16. f4 Bd4+ 17. Nxd4 Nxd4 18. Be3 Bf5 19. Bxd4 Rxd4 20. Bxb7 Rc7
21. Ba6 Rd2 22. Rbd1 Rxd1 23. Rxd1 h6 24. Bd3 Bg4 25. Re1 Ne7 26. Re5 Be6 27.
f5 Bd5 28. c4 Bc6 29. f6 gxf6 30. Ra5 Rd7 31. Bc2 Kg7 32. Kf2 Ng6 33. Ke3 Ne5
34. Bf5 Re7 35. Kf2 Nf3 36. h4 Nd4 37. Bd3 Ba8 38. Nc2 Nc6 39. Rc5 Ne5 40. Be2
Rd7 41. Ke3 Re7 42. Kd2 Nd7 43. Rf5 Ne5 44. b3 Be4 45. Rf2 Nc6 46. Bf3 Bxf3 47.
Rxf3 Ne5 48. Rf4 h5 49. Nd4 Kg6 50. Kc3 Ng4 51. Kb4 Re5 52. c5 Ne3 53. c6 Nd5+
54. Kc4 Nb6+ 55. Kd3 Rc5 56. b4 Rd5 57. Re4 f5 58. Re8 Kf6 59. c7 Re5 60. c8=Q
Nxc8 61. Rxc8 1-0

[Event "1er Open d'Espalion"]
[Site "Espalion (12)"]
[Date "2016.07.13"]
[Round "6.22"]
[White "Ausseil-Bordignon, Aurelien"]
[Black "Lemaire, Frederic"]
[Result "0-1"]
[WhiteElo "1009"]
[BlackElo "1468"]
[PlyCount "142"]
[EventDate "2016.??.??"]

1. e4 e5 2. Nf3 Nc6 3. Bc4 Bc5 4. O-O Nf6 5. Nc3 O-O 6. d3 h6 7. Be3 Bxe3 8.
fxe3 d6 9. d4 Ng4 10. Re1 Qe7 11. d5 Nd8 12. h3 Nf6 13. b4 Nh7 14. a4 Qf6 15.
Rf1 Qg6 16. a5 Bxh3 17. Rf2 Bg4 18. Be2 Bd7 19. b5 f5 20. Bd3 Ng5 21. exf5 Bxf5
22. Nxg5 Qxg5 23. Bxf5 Rxf5 24. Ne4 Rxf2 25. Nxg5 Rf6 26. Ne4 Rg6 27. Qd3 Rg4
28. b6 axb6 29. Nf2 Rb4 30. c3 Rh4 31. g3 Rh5 32. g4 Rg5 33. Qb5 h5 34. Kh2
hxg4 35. Kg3 Nf7 36. Ne4 Rg6 37. Qd7 bxa5 38. Kh4 Nh6 39. Kh5 Kh7 40. Qxc7 Rf8
41. Ng5+ Rxg5+ 42. Kxg5 Rf3 43. Qxd6 Nf7+ 44. Kxg4 Nxd6 45. Kxf3 b6 46. Rb1 Nc4
47. Rd1 Nd6 48. c4 Kg8 49. Rc1 Kf7 50. c5 bxc5 51. Rxc5 a4 52. Rc6 Nb5 53. Rb6
Nc3 54. Ra6 Ke7 55. d6+ Kd7 56. e4 g6 57. Ke3 Nd1+ 58. Ke2 Nb2 59. Kd2 a3 60.
Rxa3 Nc4+ 61. Ke2 Nxa3 62. Kd3 Kxd6 63. Kc3 Kc5 64. Kb3 g5 65. Kxa3 g4 66. Kb3
g3 67. Kc3 g2 68. Kd3 g1=Q 69. Kd2 Kd4 70. Ke2 Kxe4 71. Kd2 Qe3+ 0-1

[Event "1er Open d'Espalion"]
[Site "Espalion (12)"]
[Date "2016.07.13"]
[Round "6.23"]
[White "Cernavska, Veronica"]
[Black "Antos, Claude"]
[Result "0-1"]
[WhiteElo "1399"]
[BlackElo "1050"]
[PlyCount "44"]
[EventDate "2016.??.??"]

1. d4 d5 2. e3 Bf5 3. f3 e6 4. Nc3 Bb4 5. Nge2 Nc6 6. Nf4 e5 7. e4 dxe4 8. dxe5
Nd4 9. Be3 Bxc3+ 10. bxc3 c5 11. Rb1 Qa5 12. Qd2 Rd8 13. g4 Nxf3+ 14. Kf2 Nxd2
15. Bxd2 Rxd2+ 16. Kg3 Qxc3+ 17. Kh4 h6 18. Rxb7 g5+ 19. Kh5 Bg6+ 20. Nxg6
fxg6+ 21. Kxg6 Ne7+ 22. Kg7 Qxe5# 0-1

[Event "1er Open d'Espalion"]
[Site "Espalion (12)"]
[Date "2016.07.13"]
[Round "6.24"]
[White "Muller-Moingt, Bastien"]
[Black "Jonker, Jan"]
[Result "0-1"]
[WhiteElo "1009"]
[BlackElo "1380"]
[PlyCount "126"]
[EventDate "2016.??.??"]

1. e4 e6 2. d4 d5 3. e5 c5 4. dxc5 Bxc5 5. Nf3 Bd7 6. Bg5 Qb6 7. Bd3 h6 8. Bf4
Nc6 9. O-O Nge7 10. Nc3 a6 11. h3 Nd4 12. Nxd4 Bxd4 13. Re1 Rc8 14. Ne2 Qxb2
15. Nxd4 Qxd4 16. Rb1 b5 17. Be3 Qxe5 18. Bc5 Qc7 19. Bxe7 Kxe7 20. Re2 Qa7 21.
Kh2 Rc3 22. Re5 Qc7 23. Qh5 f6 24. Bg6 Qxe5+ 25. Qxe5 fxe5 26. Rc1 Rf8 27. Kg1
e4 28. Bh5 d4 29. Kf1 Rf5 30. Bg4 d3 31. Bxf5 d2 32. Rd1 Rxc2 33. Bxe4 Rc1 34.
Ke2 Rxd1 35. Kxd1 Kd6 36. Kxd2 Kc5 37. Ke3 a5 38. Kf4 Kd4 39. Bh7 g5+ 40. Kg4
Kc3 41. Kh5 Kb2 42. Kxh6 g4 43. f4 gxh3 44. gxh3 Kxa2 45. Kg5 a4 46. h4 a3 47.
h5 Kb2 48. Bg6 a2 49. h6 a1=Q 50. h7 Ka3 51. h8=Q Qxh8 52. Kg4 Kb4 53. Bh5 Kc5
54. Kg5 Kd6 55. Kg6 Ke7 56. Kg5 e5 57. f5 Qg7+ 58. Kh4 Kf6 59. Kh3 Kxf5 60. Bd1
Kf4+ 61. Kh2 Qg3+ 62. Kh1 Bc6+ 63. Bf3 Bxf3# 0-1

[Event "1er Open d'Espalion"]
[Site "Espalion (12)"]
[Date "2016.07.13"]
[Round "6.25"]
[White "Ferraye, Elio"]
[Black "Rollot, Priscillia"]
[Result "1-0"]
[WhiteElo "1250"]
[BlackElo "1210"]
[PlyCount "41"]
[EventDate "2016.??.??"]

1. e4 d5 2. exd5 Qxd5 3. Nf3 Qd8 4. d4 Bg4 5. c3 Nc6 6. Bb5 Bd7 7. h3 a6 8. Ba4
Nf6 9. Bg5 h6 10. Bh4 b5 11. Bb3 Bf5 12. Nbd2 Qd6 13. O-O e5 14. dxe5 Nxe5 15.
Nxe5 Qxe5 16. Re1 Qxe1+ 17. Qxe1+ Be7 18. Bxf6 gxf6 19. Qe3 Rg8 20. Re1 Bxh3
21. Qxe7# 1-0

[Event "1er Open d'Espalion"]
[Site "Espalion (12)"]
[Date "2016.07.14"]
[Round "7.2"]
[White "Sulava, Nenad"]
[Black "Marazanof, Jean-Francois"]
[Result "1-0"]
[WhiteElo "2418"]
[BlackElo "1910"]
[PlyCount "65"]
[EventDate "2016.??.??"]

1. Nf3 Nf6 2. g3 g6 3. b3 Bg7 4. Bb2 O-O 5. Bg2 d6 6. d4 Bg4 7. Nbd2 c6 8. O-O
Nbd7 9. Re1 Bxf3 10. Nxf3 Qc7 11. e4 e5 12. c4 Rfe8 13. Qc2 Rad8 14. Rad1 b6
15. b4 Nh5 16. Qb3 Qb8 17. a3 Bf6 18. h4 Nf8 19. Bc3 c5 20. d5 Qc7 21. Nd2 h6
22. Bh3 Qe7 23. bxc5 bxc5 24. Nf3 Rb8 25. Qa4 Rb7 26. Rb1 Reb8 27. Rb5 Rxb5 28.
cxb5 Qb7 29. Rb1 Nd7 30. Nd2 Nb6 31. Qc2 a6 32. a4 axb5 33. Rxb5 1-0

[Event "1er Open d'Espalion"]
[Site "Espalion (12)"]
[Date "2016.07.14"]
[Round "7.3"]
[White "Moingt, Jean-Claude"]
[Black "Haverlan, Jules"]
[Result "1-0"]
[WhiteElo "2177"]
[BlackElo "1457"]
[PlyCount "61"]
[EventDate "2016.??.??"]

1. e4 Nf6 2. d3 d6 3. f4 g6 4. Nf3 Bg7 5. g3 c6 6. Bg2 Qb6 7. Nc3 a5 8. Qe2 O-O
9. Nd1 Na6 10. Be3 Qc7 11. h3 Rb8 12. O-O b5 13. g4 Bd7 14. Qf2 e6 15. Qh4 d5
16. e5 Ne8 17. d4 Qd8 18. Qg3 f5 19. h4 Rf7 20. h5 fxg4 21. hxg6 Rf5 22. gxh7+
Kh8 23. Qxg4 Rb7 24. Ng5 Bc8 25. Bf2 Qe7 26. Ne3 Rf8 27. c3 Bh6 28. Bh4 Bxg5
29. Bxg5 Qxh7 30. Kf2 Kg8 31. Be7+ 1-0

[Event "1er Open d'Espalion"]
[Site "Espalion (12)"]
[Date "2016.07.14"]
[Round "7.4"]
[White "Rollot, Florence"]
[Black "Moingt, Anne"]
[Result "0-1"]
[WhiteElo "1845"]
[BlackElo "2073"]
[PlyCount "88"]
[EventDate "2016.??.??"]

1. Nf3 Nf6 2. c4 e6 3. g3 d5 4. Bg2 Be7 5. O-O O-O 6. d3 c6 7. a3 a5 8. Bf4
Nbd7 9. Nc3 Nb6 10. b3 Nfd7 11. e4 Bf6 12. e5 Be7 13. Re1 a4 14. cxd5 cxd5 15.
b4 Nb8 16. Rc1 Nc6 17. Re2 g5 18. Bd2 g4 19. Ne1 Nd4 20. Bh6 Bg5 21. Bxf8 Nxe2+
22. Nxe2 Bxc1 23. Qxc1 Kxf8 24. Qh6+ Ke8 25. Qxh7 Qg5 26. f4 gxf3 27. Nxf3 Qe3+
28. Kf1 Nd7 29. d4 Nf8 30. Qg8 Qd3 31. Ng5 Qf5+ 32. Bf3 Bd7 33. g4 Qg6 34. Qxg6
Nxg6 35. Ke1 Ke7 36. Bg2 Nh4 37. Bf1 Rg8 38. Nh7 Nf3+ 39. Kf2 Nxh2 40. g5 Nxf1
41. Kxf1 Bb5 42. Kf2 Bxe2 43. Kxe2 Rg7 44. Nf6 Rxg5 0-1

[Event "1er Open d'Espalion"]
[Site "Espalion (12)"]
[Date "2016.07.14"]
[Round "7.5"]
[White "Degraeve, Remy"]
[Black "Lagunes, Robin"]
[Result "0-1"]
[WhiteElo "2015"]
[BlackElo "1814"]
[PlyCount "132"]
[EventDate "2016.??.??"]

1. d4 d5 2. c4 e6 3. Nc3 Nf6 4. cxd5 exd5 5. Bg5 Be7 6. e3 O-O 7. Bd3 Re8 8.
Nge2 Nbd7 9. O-O c6 10. Qc2 h6 11. Bh4 b6 12. Rad1 Bb7 13. f3 c5 14. Kh1 Rc8
15. Bf5 g5 16. Bg3 Nh5 17. dxc5 Rxc5 18. e4 Nxg3+ 19. Nxg3 Bf6 20. Bxd7 Qxd7
21. Nxd5 Bxd5 22. Rxd5 Rxc2 23. Rxd7 Rec8 24. Nf5 Rxb2 25. Nxh6+ Kg7 26. Nxf7
Rcc2 27. Ne5+ Kh8 28. Nd3 Rxa2 29. Nb4 Rd2 30. Rxd2 Rxd2 31. Nc6 a5 32. e5 Rc2
33. Nd4 Rc4 34. Ne6 Bxe5 35. Nxg5 Bf4 36. Ne6 Rc1 37. Rxc1 Bxc1 38. Nd4 a4 39.
Nb5 a3 40. Nxa3 Bxa3 41. Kg1 Kg7 42. Kf2 Kf6 43. Ke3 Ke5 44. h3 Kd5 45. Kd3 Bd6
46. h4 Bg3 47. h5 Bf4 48. g4 b5 49. Kc3 Kc5 50. Kd3 b4 51. Ke4 b3 52. Kxf4 b2
53. g5 b1=Q 54. g6 Qb2 55. Kg5 Kd6 56. f4 Ke7 57. Kh6 Qh8+ 58. Kg5 Qf6+ 59. Kh6
Qh8+ 60. Kg5 Ke6 61. f5+ Ke5 62. f6 (62. h6 Qd8+ 63. Kg4 Qd1+ 64. Kg3 Ke4 65.
Kf2 Qf3+ 66. Kg1 Qg3+ 67. Kf1 Ke3) 62... Qxf6+ 63. Kh6 Qh8+ 64. Kg5 Qg7 65. h6
Qf6+ 66. Kh5 Qf5+ 0-1

[Event "1er Open d'Espalion"]
[Site "Espalion (12)"]
[Date "2016.07.14"]
[Round "7.6"]
[White "Jarreton, Herve"]
[Black "Degraeve, Thomas"]
[Result "0-1"]
[WhiteElo "2010"]
[BlackElo "1905"]
[PlyCount "84"]
[EventDate "2016.??.??"]

1. e4 e6 2. d4 d5 3. Nc3 dxe4 4. Nxe4 Bd7 5. Nf3 Bc6 6. Bd3 Nd7 7. Qe2 Ngf6 8.
O-O Nxe4 9. Bxe4 Bxe4 10. Qxe4 c6 11. c4 Nf6 12. Qe2 Be7 13. Bf4 O-O 14. Rad1
Re8 15. Ne5 Qa5 16. a3 Rad8 17. Qf3 Qb6 18. g4 Rf8 19. b4 a5 20. Be3 axb4 21.
axb4 Qc7 22. Bf4 Qb6 23. Be3 Qc7 24. Rb1 Nd7 25. Nd3 Nb6 26. Rfc1 Bf6 27. Qe4
Nc8 28. g5 Be7 29. b5 Nd6 30. Qf4 Qc8 31. bxc6 bxc6 32. Qg4 Nf5 33. Rb6 c5 34.
Bf4 Rxd4 35. Qf3 Qa8 36. Qh3 Qa3 37. Rd1 Rfd8 38. Rb8 Rxb8 39. Bxb8 Qb3 40. Qf3
Qxb8 41. Ra1 Rd8 42. Ne5 Qxe5 0-1

[Event "1er Open d'Espalion"]
[Site "Espalion (12)"]
[Date "2016.07.14"]
[Round "7.7"]
[White "Lagunes, Jean-Renaud"]
[Black "Brison, Lucas"]
[Result "1-0"]
[WhiteElo "2009"]
[BlackElo "1856"]
[PlyCount "86"]
[EventDate "2016.??.??"]

1. e4 c5 2. Nf3 g6 3. d4 cxd4 4. Qxd4 f6 5. Bb5 Nc6 6. Qa4 e5 7. Nc3 Bc5 8. O-O
Nge7 9. Bh6 a6 10. Bg7 Rg8 11. Bxf6 Qb6 12. Bxe7 Bxe7 13. Bxc6 Qxc6 14. Qxc6
bxc6 15. Nxe5 Rb8 16. Nd3 a5 17. b3 Ba6 18. Rad1 c5 19. Nd5 Bd8 20. Rfe1 c4 21.
Nc5 Bb5 22. e5 Rf8 23. Nf6+ Bxf6 24. exf6+ Kf7 25. Re7+ Kxf6 26. Rxh7 Rfe8 27.
Nxd7+ Bxd7 28. Rhxd7 Re2 29. R7d2 cxb3 30. Rxe2 bxa2 31. Ra1 Rb1+ 32. Re1 Rb2
33. Rec1 Ke5 34. c4 Kd6 35. c5+ Kc6 36. h4 a4 37. g4 Rb4 38. f3 Rb2 39. h5 gxh5
40. gxh5 a3 41. h6 Rb7 42. Rxa2 Rh7 43. Rxa3 Kb7 1-0

[Event "1er Open d'Espalion"]
[Site "Espalion (12)"]
[Date "2016.07.14"]
[Round "7.8"]
[White "Mestrallet, Ivan"]
[Black "Caudrelier, Pierre"]
[Result "0-1"]
[WhiteElo "1910"]
[BlackElo "1618"]
[PlyCount "82"]
[EventDate "2016.??.??"]

1. d4 Nf6 2. c3 e6 3. Bg5 h6 4. Bh4 Be7 5. Nd2 d5 6. Qc2 c5 7. e3 O-O 8. f4 Ng4
9. Bxe7 Qxe7 10. Qd3 b6 11. Ngf3 Ba6 12. c4 dxc4 13. Nxc4 Bxc4 14. Qxc4 Nxe3
15. Qb3 cxd4 16. Nxd4 Nd5 17. O-O-O Rc8+ 18. Kb1 Nxf4 19. g3 Nd5 20. Bg2 Nd7
21. Rhe1 Qc5 22. Rxe6 N5f6 23. Ree1 Rab8 24. Bh3 Re8 25. Rf1 Ne5 26. Nf5 Kh7
27. Nd6 Rf8 28. Bf5+ g6 29. Bc2 Kg7 30. Rxf6 Rbd8 31. Ne4 Rxd1+ 32. Bxd1 Qd4
33. Rf4 Rd8 34. Nc3 Qg1 35. Qc2 Nd3 36. Ne2 Qh1 37. Rd4 Rxd4 38. Nxd4 Nf2 39.
Kc1 Qxh2 40. Qc3 Kh7 41. Qc7 $4 Nd3+ 0-1

[Event "1er Open d'Espalion"]
[Site "Espalion (12)"]
[Date "2016.07.14"]
[Round "7.9"]
[White "Flaujac, Benoit"]
[Black "Criticos, Kris"]
[Result "1-0"]
[WhiteElo "1809"]
[BlackElo "1641"]
[PlyCount "58"]
[EventDate "2016.??.??"]

1. e4 g6 2. d4 Bg7 3. Nc3 d6 4. Be3 Nf6 5. f3 c6 6. Qd2 O-O 7. Bh6 Qc7 8. g4 e5
9. Nge2 Nbd7 10. h4 exd4 11. Nxd4 Ne5 12. Bxg7 Kxg7 13. Be2 Rd8 14. O-O-O d5
15. h5 dxe4 16. hxg6 fxg6 17. Qh6+ Kg8 18. g5 exf3 19. Bc4+ Nxc4 20. gxf6 Nd6
21. Nxf3 Bg4 22. Ne5 Bxd1 23. f7+ Nxf7 24. Qxh7+ Kf8 25. Nxg6+ Ke8 26. Re1+ Kd7
27. Qh3+ Kd6 28. Qd3+ Kc5 29. Na4+ Kb4 (29... Kb4 30. Re4+ Ka5 31. Qc3+ Kb5 32.
Qb4+ Ka6 33. Nc5#) 1-0

[Event "1er Open d'Espalion"]
[Site "Espalion (12)"]
[Date "2016.07.14"]
[Round "7.10"]
[White "Tagnon, Nicole"]
[Black "Alnakshbandi, Raed"]
[Result "1/2-1/2"]
[WhiteElo "1935"]
[BlackElo "1824"]
[PlyCount "138"]
[EventDate "2016.??.??"]

1. e4 c5 2. Nf3 g6 3. d4 cxd4 4. Nxd4 Bg7 5. Nc3 a6 6. Bc4 Nc6 7. Be3 d6 8. Qd2
Bd7 9. Bb3 Qa5 10. O-O h5 11. Rad1 Nh6 12. Nd5 Rc8 13. Qxa5 Nxa5 14. Nb6 Nxb3
15. axb3 Rd8 16. h3 Bc6 17. Nxc6 bxc6 18. c3 c5 19. Ra1 f5 20. f3 Rb8 21. Rxa6
Nf7 22. exf5 gxf5 23. f4 Nd8 24. Re1 Kf7 25. Nd5 Rxb3 26. Ra7 Rb7 27. Rea1 Rxa7
28. Rxa7 Re8 29. Bf2 Nc6 30. Rc7 Na5 31. Bh4 Bf8 32. b4 Ke6 33. Ne3 cxb4 34.
cxb4 Nb3 35. Nc2 Rb8 36. Rc3 Nd2 37. Nd4+ Kd7 38. Rd3 Ne4 39. b5 e6 40. Rb3 Bg7
41. Nc6 Rb7 42. Be1 Nc5 43. Rb1 Nd3 44. Bd2 Bf6 45. Kf1 Bh4 46. Na5 Rb8 47. Nc6
Rb7 48. Nd4 Bf2 49. Nc6 Bc5 50. Na5 Rb8 51. Nc4 Nf2 52. b6 Ne4 53. Be1 Nf6 54.
Bf2 Bxf2 55. Kxf2 h4 56. Kf3 Ne4 57. Rb2 Kc6 58. Na5+ Kd7 59. Ke3 Nc5 60. Kf3
Na4 61. Rb4 Nxb6 62. Rb1 Ra8 63. Rxb6 Rxa5 64. Rb7+ Kc6 65. Rh7 Ra3+ 66. Kf2
Ra2+ 67. Kf1 Ra1+ 68. Kf2 Ra2+ 69. Kf1 Ra1+ 1/2-1/2

[Event "1er Open d'Espalion"]
[Site "Espalion (12)"]
[Date "2016.07.14"]
[Round "7.11"]
[White "Dubois, Martine"]
[Black "Malart, Jacques"]
[Result "1/2-1/2"]
[WhiteElo "1967"]
[BlackElo "1687"]
[PlyCount "52"]
[EventDate "2016.??.??"]

1. e4 e5 2. Nf3 Nc6 3. Nc3 Bc5 4. g3 Nf6 5. Bg2 d6 6. d3 a6 7. h3 h6 8. Be3
Bxe3 9. fxe3 Be6 10. d4 exd4 11. exd4 d5 12. Ne5 Nxe5 13. dxe5 Nxe4 14. Nxe4
dxe4 15. Bxe4 Qxd1+ 16. Rxd1 O-O 17. b3 c6 18. g4 Rad8 19. O-O h5 20. Bf5 Bxf5
21. gxf5 Rfe8 22. Rxd8 Rxd8 23. Rf2 Rd4 24. Kf1 Re4 25. Re2 Rf4+ 26. Rf2 Re4
1/2-1/2

[Event "1er Open d'Espalion"]
[Site "Espalion (12)"]
[Date "2016.07.14"]
[Round "7.12"]
[White "Rollot, Jean-Louis"]
[Black "Moulie, Patrick"]
[Result "1-0"]
[WhiteElo "1914"]
[BlackElo "1611"]
[PlyCount "87"]
[EventDate "2016.??.??"]

1. c4 c6 2. g3 Nf6 3. Bg2 d5 4. Qc2 g6 5. Nf3 Bg7 6. O-O O-O 7. d3 Nbd7 8. Nbd2
Re8 9. Rb1 e5 10. b3 Nf8 11. Bb2 d4 12. b4 N6d7 13. Ne4 f5 14. Nd6 Re6 15. c5
Nf6 16. Ng5 Re7 17. Qb3+ Ne6 18. Nxb7 Bxb7 19. Nxe6 Qc8 20. Nc7+ Kh8 21. Nxa8
Bxa8 22. a4 Nd5 23. b5 e4 24. Qc4 cxb5 25. axb5 Nc3 26. Bxc3 dxc3 27. d4 Qd8
28. e3 Bd5 29. Qxc3 g5 30. Ra1 f4 31. Rfc1 h5 32. c6 Rc7 33. Ra6 Qf6 34. Rca1
fxg3 35. fxg3 h4 36. Qc5 hxg3 37. hxg3 Qe6 38. Rxa7 Rxa7 39. Rxa7 Bb3 40. Qe7
Qh6 41. Bxe4 g4 42. Qxg7+ Qxg7 43. Rxg7 Kxg7 44. b6 1-0

[Event "1er Open d'Espalion"]
[Site "Espalion (12)"]
[Date "2016.07.14"]
[Round "7.13"]
[White "Kohler, Paul"]
[Black "Dubertrand, Bernard"]
[Result "1-0"]
[WhiteElo "1864"]
[BlackElo "1583"]
[PlyCount "145"]
[EventDate "2016.??.??"]

1. Nf3 Nf6 2. c4 d5 3. cxd5 Qxd5 4. Nc3 Qa5 5. e4 e5 6. Bc4 Bd6 7. Qb3 O-O 8.
Ng5 Na6 9. Nxf7 Nc5 10. Qb5 (10. Nxd6+ Kh8 11. Qb5 $18) 10... Rxf7 11. Bxf7+
Kxf7 12. Qxa5 b6 13. Qb5 Ba6 14. Qxa6 Nxa6 15. f4 Nb4 16. O-O Nd3 17. Rf3 Ne1
18. Rf1 Nd3 19. fxe5 Bxe5 20. Rf3 Ne1 21. Rh3 g5 22. Kf1 g4 23. Rh4 Nd3 24. b3
Kg6 25. Ba3 Kg5 26. g3 c5 27. Ke2 Bxc3 28. dxc3 Ne5 29. Rf1 Nf3 30. Bc1+ Kg6
31. Rh6+ Kg7 32. e5 Re8 33. Bf4 Nxe5 34. Kd1 Ne4 35. Rh5 Rd8+ 36. Kc2 Nf7 37.
Rf5 Rd7 38. Re1 Nf6 39. Re6 Nd5 40. Be5+ Kf8 41. Bf4 Kg7 42. a3 Ne7 43. Be5+
Kf8 44. Bd6 Ke8 (44... Rxd6 45. Rxf7+ Kxf7 46. Rxd6) 45. Rxe7+ Rxe7 46. Bxe7
Kxe7 47. Rh5 h6 48. Kd3 Kd6 49. Ke4 Ng5+ 50. Kf4 Kd5 51. Kxg4 Ke4 52. Rxh6 Nf3
53. Re6+ Ne5+ 54. Rxe5+ Kxe5 55. Kg5 b5 56. h4 Ke4 57. h5 Kd3 58. h6 Kxc3 59.
h7 Kxb3 60. h8=Q c4 61. Qa1 a6 62. Kf4 Kc2 63. Ke3 a5 64. Kd4 Kb3 65. g4 b4 66.
axb4 axb4 67. Qd1+ Kb2 68. Kxc4 b3 69. Qxb3+ Ka1 70. Qd3 Kb2 71. Kb4 Ka2 72.
Kc3 Ka1 73. Qd2 1-0

[Event "1er Open d'Espalion"]
[Site "Espalion (12)"]
[Date "2016.07.14"]
[Round "7.14"]
[White "Verat-Fayolle, Celian"]
[Black "Carno, Matthias"]
[Result "0-1"]
[WhiteElo "1680"]
[BlackElo "1792"]
[PlyCount "40"]
[EventDate "2016.??.??"]

1. e4 e5 2. Nf3 Nc6 3. Bc4 Nd4 4. O-O Nxf3+ 5. Qxf3 Nf6 6. d4 d6 7. dxe5 dxe5
8. Rd1 Bd6 9. Nc3 Bg4 10. Qd3 Bxd1 11. Qxd1 O-O 12. Bg5 Be7 13. Qf3 c6 14. Qg3
Nh5 15. Rd1 Nxg3 16. Rxd8 Bxd8 17. Bxd8 Nxe4 18. Be7 Rfe8 19. Nxe4 Rxe7 20. f3
Rd8 0-1

[Event "1er Open d'Espalion"]
[Site "Espalion (12)"]
[Date "2016.07.14"]
[Round "7.15"]
[White "Griggio, Jean-Paul"]
[Black "Ferraye, Nicolas"]
[Result "1-0"]
[WhiteElo "1736"]
[BlackElo "1629"]
[PlyCount "65"]
[EventDate "2016.??.??"]

1. d4 Nf6 2. c4 e6 3. Nf3 b6 4. e3 Bb7 5. Be2 Be7 6. O-O d5 7. Nbd2 O-O 8. cxd5
exd5 9. Ne5 Nbd7 10. Ndf3 Re8 11. Bb5 Bd6 12. Qa4 Bxe5 13. dxe5 Nc5 14. Qh4
Nfd7 15. Qh5 Ne6 16. Nd4 Nxd4 17. exd4 c6 18. Bd3 Nf8 19. f4 f6 20. Rf3 Qe7 21.
Bd2 c5 22. Bc3 Bc8 23. Re1 cxd4 24. exf6 Qc5 25. f7+ Kh8 26. fxe8=Q dxc3+ 27.
Kh1 Bf5 28. Qxa8 Bxd3 29. Qf7 h6 30. Qaxf8+ Qxf8 31. Qxf8+ Kh7 32. Rxd3 cxb2
33. Rb1 1-0